01165cam a22003255a 4500001000800000005001700008008004100025020001800066020001500084040002800099082002400127100006300151245009100214260005800305300003200363490003500395500003400430500002800464500002300492504003300515650003100548650003700579651001000616653002000626655002400646700002200670942000800692999001700700952012200717204944720150531142024.0930611r20041993enka frb f001 0 eng d a9780198773207 a019877320X aDLCcDLCdDLCdEG-ScBUE00a330.015195222bGRA1 aGranger, C. W. J.q(Clive William John),d1934-200993809810aModelling nonlinear economic relationships /cClive W. J. Granger and Timo Terasvirta. aOxford ;aNew York :bOxford University Press,c2004. ax, 187 p. :bill. ;c25 cm.0 aAdvanced texts in econometrics aSeries statement from jacket. aReprint of the 1993 ed. aIndex : p.181-187. aBibliography : p. [168]-179. 0aEconometric models.2BUEsh 0aNonlinear theories.2BUEsh96166 2BUEsh bBUSECOcMay2015 vreading book9342321 aTerasvirta, Timo. 2ddc c19468d19440 00102ddc40708BaccahaMAINbMAINc1STd2015-05-27epurchasel0o330.015195 GRAp000038349r2025-07-15 00:00:00yBB